Louisiana Food - Cajun and Creole - Statistics

General Stats
  • This quiz has been taken 96 times
  • The average score is 9 of 14
Answer Stats
Picture Answer % Correct
Crawfish etouffee
94%
Gumbo
92%
Boiled crawfish
91%
Jambalaya
86%
Poboy
81%
King Cake
76%
Red beans and rice
72%
Boudin
66%
Oysters Rockefeller
58%
Beignets
56%
Muffuletta
41%
Crawfish pie
14%
Shrimp creole
14%
Turducken
14%
No matching quizzes found
Score Distribution
Percent of People with Each Score
Percentile by Number Answered
Your Score History
You have not taken this quiz